02004 a2200289 45000010006000000050017000060080041000230030015000640400040000790800092001192450084002110200022002952500013003172640034003303000023003645050678003870410008010659420007010735900036010801000029011167000028011458560099011739990015012729520119012879520133014069520175015395324120260407155806.0260407a2021 arg spa dAR-UNSa-BCEJYS aAR-UNSa-BCEJYSbspacAR-UNSa-BCEJYS a336.226.111xImpuestos sobre ingresos totales (Ingresos brutos - Convenio Multilateral)10aConvenio multilateral, Impuestos internos, MonotributopExplicados y comentados a978-987-01-2792-5 a15a. ed. 1aBuenos Aires :bErreparc2021 axi, 150 p.c27 cm. aCONVENIO MULTILATERAL: 1. Introducción – 2. Ámbito de aplicación del convenio multilateral – 3. Régimen general – 4. Regímenes especiales – 5. Iniciación y cese de actividades – 6. Organismo de aplicación - - IMPUESTOS INTERNOS: 1. Aspectos generales – 2. Hecho imponible – 3. Exenciones – 4. Liquidación del impuesto – 5. Pago del impuesto – 6. Alícuotas - - MONOTRIBUTO: 1. Introducción – 2. Características generales – 3. Liquidación del gravamen – 4. Abandono del régimen simplificado – 5. Interrelación con otras normas – 6. Disposiciones y beneficios para determinados sujetos – 7. Tablas complementarias.  aspa cBK aniveau_biblio:m niveau_hierar:01 aCeldeiro, Ernesto Carlos1 aImirizaldu, Juan José41uhttps://www.biblioeco.unsa.edu.ar/pmb/images/libros/L128380.jpgyImagen de portadaqimage/jpeg c5159d5159 00104070aBCEJYSbBCEJYSc16d2026-04-07l0o336.226.111 C392 15ed.pL128380r2026-04-07 15:58:06w2026-04-07yL 00104070aBCEJYSbBCEJYSc16d2026-04-07l0o336.226.111 C392 15ed.pL128381r2026-04-07 15:58:06w2026-04-07yLzTAPA DOBLADA 00104070aBCEJYSbBCEJYSc16d2026-04-07l0o336.226.111 C392 15ed.pL128382r2026-04-07 15:58:06w2026-04-07yLzPÁG 59 ROTA - TAPA DOBLADA - ÚLTIMA PÁG MANCHADA